Studies in kinship and marriage : dedicated to Brenda Z. Seligman on her 80th birthday

Αποθηκεύτηκε σε:
Λεπτομέρειες βιβλιογραφικής εγγραφής
Συγγραφή απο Οργανισμό/Αρχή: Royal Anthropological Institute of Great Britain and Ireland
Άλλοι συγγραφείς: Schapera, Isaac, 1905-2003 (Επιμελητής έκδοσης), Evans-Pritchard, E. E. (Edward Evan), 1902-1973 (Επιμελητής έκδοσης)
Μορφή: Βιβλίο
Γλώσσα:English
Δημοσίευση: London : Royal Anthropological Institute of Great Britain & Ireland, 1963
Σειρά:Occasional paper (Royal Anthropological Institute of Great Britain and Ireland) ; 16
Θέματα:
Ετικέτες: Προσθήκη ετικέτας
Δεν υπάρχουν, Καταχωρήστε ετικέτα πρώτοι!

MARC

LEADER 00000cam a2200000 i 4500
001 1/6418
008 000614s1963 eng d
035 |l 10061925 
040 |a GR-MY-UA  |b gre  |e aacr 
041 0 |a eng 
082 0 |a 306.81 
245 1 0 |a Studies in kinship and marriage :  |b dedicated to Brenda Z. Seligman on her 80th birthday /  |c Royal Anthropological Institute of Great Britain & Ireland ; edited by I. Schapera ; with foreword by E. E. Evans-Pritchard 
260 |a London :   |b Royal Anthropological Institute of Great Britain & Ireland,   |c 1963 
300 |a 113 p.  |b illus. 
490 1 |a Occasional paper  |v ; 16 
504 |a Includes bibliographical references 
600 1 0 |a Seligman Brenda Z. 
650 0 0 |a Kinship. 
650 0 0 |a Marriage. 
700 1 |a Schapera, Isaac,   |d 1905-2003.  |4 edt 
700 1 |4 edt  |a Evans-Pritchard, E. E.   |q (Edward Evan),   |d 1902-1973. 
710 2 |a Royal Anthropological Institute of Great Britain and Ireland. 
830 0 |a Occasional paper (Royal Anthropological Institute of Great Britain and Ireland)  |v ; 16 
852 |a INST  |b LESVOS  |e 20000614  |h 306.81 STU  |p 005100020988  |q 005100020988  |t BK  |y 0 
909 |a Λ  |b 034969 
970 |z 2000/06/ΟΙΚΟΝΟΜΟΠΟΥΛΟΥ ΧΡΙΣΤΙΝΑ